02445nam a22003137i 4500999001900000005001700019008004100036020003800077040002500115082001500140090001900155100003600174245003100210264004600241264001100287300003100298336002100329337002500350338002300375520135200398650002001750650002701770650003801797650002401835651006101859942001101920952010701931952009302038 c174949d17494920191113162527.0191113t20192016nyub|||e |||| 00| f eng d a9780008227548cRM69.90qpaperback aPPAKbengcPPAKerda04223a823.9200a823.92bWINdG1 aWinslow, Don, d1953-,eauthor.14aTHE BORDER / cDON WINSLOW 1aLondon :bHarperCollins Publishers,c2019 4c©2019 a720 pages :bmaps ;c24 cm 2rdacontentatext 2rdamediaaunmediated 2rdacarrieravolume a'A huge, immersive, violent, compassionate read' Ian Rankin The explosive, highly anticipated conclusion to the epic Cartel trilogy from the New York Times bestselling author of The Force. 'Focused, angry, suspenseful, occasionally hilarious, always hugely entertaining.' Stephen King The war has come home. For more than forty years, Art Keller has been on the front lines of America's longest conflict: the war on drugs. His obsession with defeating the godfather of the Sinaloa Cartel - Adán Barrera - has cost him the people he loves, even taken a piece of his soul. Now Keller is elevated to the highest ranks of the DEA, only to find that in destroying one monster he has created thirty more that are wreaking chaos in his beloved Mexico. And not just there. Fighting to end the heroin epidemic scourging America, Keller finds himself surrounded by an incoming administration that's in bed with the very drug traffickers that Keller is trying to bring down. From the slums of Guatemala to the marbled corridors of Washington, D.C., Winslow follows a new generation of narcos, cops, addicts, politicians, and mere children fleeing the violence for the chance of a life in a new country. A shattering tale of vengeance, corruption and justice, The Border is an unflinching portrait of modern America, a story of - and for - our time.10aEnglish fiction20aDrug traffic vFiction20aDrug enforcement agents vFiction20aThrillers (Fiction) 0aUnited StatesxDrug Enforcement Administration vFiction 2ddccB 0070bPPAKcGd2019-11-21l4m2o823.92 WINpA01619746q2026-07-16r2026-06-25 11:05:23s2026-06-25yB 0070bBLcGd2019-11-21l3m1o823.92 WINpA01619747r2024-11-03 09:06:00s2024-10-14yB